000 00709nam a2200229 4500
003 OSt
005 20240610075851.0
006 a
008 240610b |||||||| |||| 00| 0 eng d
020 _a9710871706
040 _aDWCL-Main lib.
_cOC
082 _aFil. 899.211 L775p 2012
100 _aLorenzo, Carmelita S.
245 _aLiteraturang pilipino : tekstong pangkolehiyo /
260 _aMandaluyong City, Phils. :
_bNational Book Store,
_cc2012.
300 _axviii,
_b329 p. ;
_c23 cm.
504 _aIncludes bibliographical references.
650 _a1. Tagalog literature.
650 _a2. Philippine literature (Tagalog).
700 _aCarmelita S. Lorenzo
942 _2ddc
_n0
_cBK - FIL
_kFil.
999 _c484
_d484